Финансовый анализ: учебник для вузов

Bibliographic Details
Main Author: Турманидзе Т. У. Теймураз Усупович
Summary:Комплексно представлен механизм проведения финансового анализа хозяйственной деятельности предприятия. Дан обзор приемов, методов и методик проведения аналитических расчетов по оценке финансового состояния предприятия. Рассмотренные методы иллюстрируются примерами, позволяющими понять логику анализа финансового состояния предприятия для принятия экономически обоснованных управленческих решений. Для студентов высших учебных заведений, обучающихся по экономическим специальностям. Может быть полезен специалистам в области управления бизнесом, аспирантам, преподавателям, аудиторам, предпринимателям.
Language:Russian
Published: Москва, ЮНИТИ, 2014
Edition:2-е изд., перераб. и доп.
Subjects:
Format: Book
KOHA link:https://koha.lib.tpu.ru/cgi-bin/koha/opac-detail.pl?biblionumber=259699

MARC

LEADER 00000nam0a2200000 4500
001 259699
005 20231101233417.0
010 |a 9785238023588 
035 |a (RuTPU)RU\TPU\book\282645 
035 |a RU\TPU\book\242786 
090 |a 259699 
100 |a 20120926d2014 m y0rusy50 ca 
101 0 |a rus 
102 |a RU 
105 |a y j 001zy 
200 1 |a Финансовый анализ  |e учебник для вузов  |f Т. У. Турманидзе 
205 |a 2-е изд., перераб. и доп. 
210 |a Москва  |c ЮНИТИ  |d 2014 
215 |a 287 с.  |c ил. 
320 |a Библиогр.: с. 278. 
320 |a Словарь терминов: с. 267-276. 
330 |a Комплексно представлен механизм проведения финансового анализа хозяйственной деятельности предприятия. Дан обзор приемов, методов и методик проведения аналитических расчетов по оценке финансового состояния предприятия. Рассмотренные методы иллюстрируются примерами, позволяющими понять логику анализа финансового состояния предприятия для принятия экономически обоснованных управленческих решений. Для студентов высших учебных заведений, обучающихся по экономическим специальностям. Может быть полезен специалистам в области управления бизнесом, аспирантам, преподавателям, аудиторам, предпринимателям. 
606 1 |a Финансовый анализ  |2 stltpush  |3 (RuTPU)RU\TPU\subj\37212  |9 58317 
610 1 |a экономический анализ 
610 1 |a методы 
610 1 |a информационное обеспечение 
610 1 |a ликвидность 
610 1 |a платежеспособность 
610 1 |a финансовая отчетность 
610 1 |a финансовая устойчивость 
610 1 |a деловая активность 
610 1 |a финансовые результаты 
610 1 |a акционерный капитал 
610 1 |a использование 
610 1 |a банкротство 
610 1 |a вероятность 
610 1 |a оценка 
610 1 |a учебники 
686 |a У053я73  |v LBC/SL-A  |2 rubbk 
700 1 |a Турманидзе  |b Т. У.  |g Теймураз Усупович 
801 1 |a RU  |b 63413507  |c 20140512 
801 2 |a RU  |b 63413507  |c 20150622  |g RCR 
900 |a Финансовый анализ 
942 |c BK 
952 |b 080100  |l 8 
959 |a 78/20140512  |d 7  |e 400,00  |f ЧЗГЛ:1  |f АНЛ:1  |f УФ:5